Cost performance modelling in architectural design, by Professor. T W Maver of the University of Strathclyde. Paper given at the Q.S. R & D. Forum, 4th Dec 1979 (Record no. 88029)

MARC details
000 -LEADER
fixed length control field 00822cam a2200217 4500
001 - CONTROL NUMBER
control field D15281
008 - FIXED-LENGTH DATA ELEMENTS--GENERAL INFORMATION
fixed length control field 090401t1979 xxu||||| |||| 00| 0 eng d
035 ## - SYSTEM CONTROL NUMBER
System control number (Sirsi) u21663
041 ## - LANGUAGE CODE
Language code of text/sound track or separate title eng
050 ## - LIBRARY OF CONGRESS CALL NUMBER
Classification number 690.230285
100 ## - MAIN ENTRY--PERSONAL NAME
Personal name Maver, T.W. Professor
245 ## - TITLE STATEMENT
Title Cost performance modelling in architectural design, by Professor. T W Maver of the University of Strathclyde. Paper given at the Q.S. R & D. Forum, 4th Dec 1979
260 ## - PUBLICATION, DISTRIBUTION, ETC.
Name of publisher, distributor, etc. RICS
Date of publication, distribution, etc. 1979
300 ## - PHYSICAL DESCRIPTION
Extent 6p. 30cm. illus
350 ## - PRICE (NR) (BK AM CF MU VM SE) [OBSOLETE]
Price 0
520 ## - SUMMARY, ETC.
Summary, etc. Filed in Box 1979/45AB ; Pub. d., with illustrations, in the Chartered Quantity Surveyor, Vol. 2., No. 5, Dec. 1979, pp. 111-115
710 ## - ADDED ENTRY--CORPORATE NAME
Corporate name or jurisdiction name as entry element Royal Institution of Chartered Surveyors
9 (RLIN) 4900
710 ## - ADDED ENTRY--CORPORATE NAME
Corporate name or jurisdiction name as entry element Quantity Surveyors` Research and Development Forum
9 (RLIN) 919
942 ## - ADDED ENTRY ELEMENTS (KOHA)
Suppress in OPAC 0
948 ## - LOCAL PROCESSING INFORMATION (OCLC); SERIES PART DESIGNATOR (RLIN)
c (OCLC) 04/03/1997
Holdings
Withdrawn status Lost status Source of classification or shelving scheme Damaged status Not for loan Home library Current library Shelving location Date acquired Total Checkouts Full call number Barcode Date last seen Copy number Price effective from Koha item type
    Other/Generic Classification Scheme     London London RICS Boxes 14/09/1999   RICS 1979/45 30005312 06/08/2019 1 06/08/2019 Reference material
    Other/Generic Classification Scheme     London London RICS Boxes 22/08/1991   RICS 1979/45 30027880 06/08/2019 2 06/08/2019 Reference material